Modelling of Costs of Capital in Slovak Enterprises
Problematika kapitálových nákladov spoločnosti a jej výpočet.
Na minha lista:
| Autor principal: | |
|---|---|
| Outros Autores: | |
| Formato: | Capítulo de Livro |
| Idioma: | inglês |
| Assuntos: | |
| Tags: |
Sem tags, seja o primeiro a adicionar uma tag!
|
MARC
| LEADER | 00000nla a2200000 4500 | ||
|---|---|---|---|
| 001 | 0242987 | ||
| 005 | 20240417075138.6 | ||
| 041 | 0 | |a eng | |
| 044 | |a SK | ||
| 245 | 1 | 0 | |a Modelling of Costs of Capital in Slovak Enterprises |c Katarína Valášková, Elena Gregová |
| 520 | |a Problematika kapitálových nákladov spoločnosti a jej výpočet. | ||
| 610 | 2 | 0 | |a náklady |
| 610 | 2 | 0 | |a kapitál |
| 610 | 2 | 0 | |a analýza regresná |
| 610 | 2 | 0 | |a podnik |
| 610 | 2 | 0 | |a Slovensko |
| 610 | 2 | 0 | |a model CAPM |
| 100 | 1 | |a Valášková, Katarína | |
| 700 | 1 | |a Gregová, Elena | |